Detalles MARC
| 000 -LÍDER |
| Campo fijo de descripción fija |
02372cam a2200361 i 4500 |
| 001 - NÚMERO DE CONTROL |
| Campo de control |
768714001 |
| 003 - IDENTIFICADOR DEL NÚMERO DE CONTROL |
| Campo de control |
CO-MdFUSB |
| 005 - FECHA Y HORA DE LA ULTIMA TRANSACCIÓN |
| control field |
20220408165432.0 |
| 007 - CAMPO FIJO DE DESCRIPCIÓN FIJA--INFORMACIÓN GENERAL |
| Campo fijo de descripción fija |
ta |
| 008 - ELEMENTOS DE LONGITUD FIJA -- INFORMACIÓN GENERAL |
| Campo fijo de descripción fija -- Información general |
010322t20012001kyua b 001 0 eng |
| 020 ## - NÚMERO INTERNACIONAL NORMALIZADO PARA LIBROS |
| Número Internacional Normalizado del libro |
0664224032 |
| 040 ## - FUENTE DE CATALOGACIÓN |
| Agencia de catalogación original |
DLC |
| Idioma de catalogación |
eng |
| Agencia que realiza la transcripción |
CO-MdFUSB |
| Agencia que realiza la modificación |
C#P |
| -- |
OrLoB-B |
| Convenciones de la descripción |
rda |
| 041 ## - CÓDIGO DE IDIOMA |
| Código de idioma para texto/pista de sonido o título separado |
eng |
| 042 ## - AUTHENTICATION CODE |
| Authentication code |
pcc |
| 082 ## - NÚMERO DE CLASIFICACIÓN DECIMAL DEWEY |
| Número de la edición del Dewey |
23 |
| Número de clasificación |
222.110922 |
| Clave de autor-Numero de item |
AN546 |
| 100 1# - ASIENTO PRINCIPAL--NOMBRE PERSONAL |
| Nombre personal |
Anderson, Gary A., |
| Fechas asociadas con el nombre |
1955- |
| Término relacionador |
autor |
| 245 14 - TÍTULO |
| Título del Material |
The genesis of perfection : |
| Parte restante del título - Subtitulo |
Adam and Eve in Jewish and Christian imagination / |
| Mención de responsabilidad, etc. |
Gary A. Anderson. |
| 250 ## - MENCIÓN DE EDICIÓN |
| Mención de edición |
primera edición |
| 264 #1 - PRODUCCIÓN, PUBLICACIÓN, DISTRIBUCIÓN, MANUFACTURA, Y COPYRIGHT |
| Lugar de producción, publicación, distribución, manufactura |
Louisville, Ky. : |
| Nombre del productor, publicador, distribuidor |
Westminster John Knox Press, |
| Fecha de producción, publicación, distribución, manufactura, o copyright |
[2001] |
| 264 #4 - PRODUCCIÓN, PUBLICACIÓN, DISTRIBUCIÓN, MANUFACTURA, Y COPYRIGHT |
| Fecha de producción, publicación, distribución, manufactura, o copyright |
©2001. |
| 300 ## - DESCRIPCIÓN FÍSICA |
| Extensión |
xx, 257 páginas: |
| Otros detalles físicos |
lustraciones ; |
| Dimensiones |
24 cm. |
| 336 ## - TIPO DE CONTENIDO |
| Término de tipo de contenido |
texto |
| Código de tipo de contenido |
txt |
| Fuente |
rdacontent. |
| 337 ## - TIPO DE MEDIO |
| Nombre del tipo de medio |
sin mediación |
| Código del tipo de medio |
n |
| Fuente |
rdamedia. |
| 338 ## - TIPO DE SOPORTE |
| Nombre del tipo de soporte |
volumen |
| Código Tipo de soporte |
nc |
| Fuente |
rdacarrier. |
| 504 ## - NOTA DE BIBLIOGRAFÍA, ETC. |
| Nota de bibliografía, etc |
Incluye referencias bibliográficas (páginas 239-249) e índices. |
| 505 ## - NOTA DE CONTENIDO |
| Nota de contenido con formato preestablecido |
Introducción: ¿Adán era judío? ¿Eva era María? -- La caída de Satanás y la elevación de Adán -- ¿Dónde conoció Adán a Eva? --<br/> ¿Cómo conoció Adán a Eva? -- María como segunda Eva -- ¿Eva es el problema? -- Vestiduras de Piel -- ¿Castigo de Penitencia para Adán y Eva? -- Génesis de la perfección -- Epílogo: Adán, Eva y nosotros -- Ap. A. Orígenes Bíblicos y la Caída -- Ap. B. Génesis 1-3: Texto anotado -- Ap. C. Vida a Adán y Eva: Texto -- App. D. Evangelio de Nicodemo. |
| 520 1# - NOTA DE RESUMEN, ETC. |
| Nota de sumario, etc. |
"El comienzo lo es todo, y la historia de los comienzos humanos no es una excepción. No podemos entender nuestro destino hasta que encontremos nuestro lugar dentro de la historia de nuestros orígenes. Dos grandes religiones, el judaísmo y el cristianismo, tienen su herencia en el mismo Jardín. de comienzos. En este libro, Gary Anderson explora las lecturas tanto judías como cristianas del relato de Adán y Eva y traza cómo los fines humanos son configurados por los comienzos humanos. El Génesis de la perfección descubre las formas en que el mal, el pecado, el sexo, el perdón y la redención consternó la historia de estos primeros humanos, e ilustra cómo su historia presagia la fortuna de todos nosotros". |
| 630 #7 - TITULO UNIFORME |
| Título uniforme |
Biblia. |
| Nombre de parte o sección de la obra |
Génesis |
| Subdivisión de materia general |
Crítica, interpretación, etc. |
| 630 #0 - TITULO UNIFORME |
| Título uniforme |
Colección biografías bíblicas. |
| 942 ## - TIPO DE MATERIAL (KOHA) |
| Tipo de Item KOHA |
Libros General |
| 945 ## - INFORMACIÓN LOCAL DEL REGISTRO |
| Catalogador |
JTF-925 |